Generador de palabras #1 - Estadísticas

Estadísticas generales
  • Esta prueba ha sido intentada 2.098 veces
  • La puntuación promedio es 8 de 19
Estadísticas de respuestas
Pista Respuesta % Correcto
Arroz en inglés Rice
97%
Lo que respiramos Aire
96%
Princesa de La sirenita Ariel
81%
Acortamiento de 4 letras para teléfono celular Celu
75%
Apellido de una física y química polaca Curie
70%
Hay una hoja de este árbol en la bandera de Canadá Arce
57%
Nombre más popular para niñas entre 2013-2023 Lucía
55%
Primera persona singular del pretérito de aricar Ariqué
50%
Tercera ciudad más grande de Colombia Cali
49%
Brillar Lucir
43%
Verbo para moverse de arriba abajo Caer
22%
Esposas de Jacob/Israel Raquel
17%
La ____ romana de la Santa Sede está compuesta por dicasterios Curia
16%
También conocida como arúgula Rúcula
12%
CUALQUIER
11%
Esposas de Jacob/Israel Lea
10%
Llaga que forma en la piel o mucosa Úlcera
9%
Verbo para pulsar un botón Cliquear
6%
Un tipo de barca ligera histórica o un tipo de loro Caique
1%
No se encontraron pruebas coincidentes
Distribución de puntuación
Porcentaje de gente con cada puntuación
Porcentaje por número respondido
Historial de tus puntuaciones
No has intentado esta prueba.